| 000 | 004660000a22001810004500 | ||
|---|---|---|---|
| 003 | MACL | ||
| 005 | 20150705160228.0 | ||
| 008 | 150705b xxu||||| |||| 00| 0 eng d | ||
| 040 |
_aMACL _cMACL |
||
| 041 | _aEnglish | ||
| 082 | _a330/SET | ||
| 100 |
_aSethi,Raj Mohini _9941 |
||
| 245 | _aSocio-Economic Profile of Rural India Series-II | ||
| 260 |
_aNew Delhi _bConcept Pub. Comp. _c2011 |
||
| 350 | _a750 | ||
| 650 |
_aEconomics _974 |
||
| 942 |
_cBK _k330/SET _2ddc |
||
| 999 |
_c48473 _d48473 |
||